=LDR 00000nam 2200000 4500 =001 INLIS000000001052272 =005 20240822080400 =035 ##$$a 0010-0824000090 =007 ta =008 240822################a##########j###### =020 ##$$a 978-89-6329-583-1 =082 ##$$a 028.55 =084 ##$$a 028.55 KIM b =100 #$$a Kim Namjoong =245 1#$$a Bagaimana cara kapal dan pesawat terbang? /$c Kim Namjoong; ilustrator, Lee Eun-jeong =260 ##$$a Gyeonggi-do :$b Korea Tolstoi,$c 2008 =300 ##$$a 31 hlm. : $b ilus. ; $c 26 cm =650 #4$$a Bacaan kanak-kanak =700 #$$a Lee Eun-jeong (ilustrator) =990 ##$$a 3202401653